000
00208 a2200097 4500
001
15147
100
_a
Bentley
245
_a
Machine shop companion
260
_a
London
_b
Bentley pub
_c
090
_c
11892
_d
11892
942
_a
NUST-CAE
_c
M
_c
2105
999
_c
250220
_d
250220